000 00212nam a22000857a 4500
008 230710b |||||||| |||| 00| 0 eng d
020 _a9781421539911
100 _aKishimoto Masashi
_97689
245 _aNaruto-Vol- 7-8-9
999 _c12345
_d12345